[Event "Belgrade-chT Quality"]
[Site "Belgrade"]
[Date "2009.10.31"]
[Round "9"]
[White "Citakovic, Drasko"]
[Black "Kuzmanovic, Slobodan"]
[Result "0-1"]
[WhiteElo "2151"]
[BlackElo "2147"]
[PlyCount "66"]
[EventDate "2009.10.11"]
[EventType "team-tourn"]
[EventRounds "11"]
[EventCountry "YUG"]
[SourceTitle "CBM 133 Extra"]
[Source "ChessBase"]
[SourceDate "2010.01.05"]
[SourceVersion "1"]
[SourceVersionDate "2010.01.05"]
[SourceQuality "1"]

1. e4 e5 2. Nf3 Nc6 3. Bb5 a6 4. Bxc6 dxc6 5. 0-0 Qf6 6. d4 exd4 7. Qxd4 Qxd4 8. Nxd4 Bd7 9. Be3 0-0-0 10. Nc3 Re8 11. a3 Nf6 12. f3 Nd5 13. Bf2 Nxc3 14. bxc3 c5 15. Ne2 f5 16. Ng3 fxe4 17. Nxe4 b6 18. Rfe1 Bf5 19. Re2 Bxe4 20. Rae1 Bd6 21. Rxe4 Rxe4 22. Rxe4 Rf8 23. a4 Rf4 24. Rxf4 Bxf4 25. c4 Bd6 26. g3 Kd7 27. Kf1 c6 28. Be1 b5 29. axb5 cxb5 30. cxb5 axb5 31. Bc3 g6 32. Ke2 Ke6 33. f4 c4 0-1